00868nam a2200253Ia 450000500170000000800410001702000190005808200190007710000300009624500660012625000390019230000430023149000230027465000400029765000360033765000420037394200120041526400490042733600270047633700330050333800280053604000350056499900150059920220317001150.0160825s2007 mx a g 000 0 spa  a9789681669201204a530.0284bR15m1 aRangel Nafaile, Carlos E.14aLos materiales de la civilizacióncCarlos E. Rangel Nafaile a3a. edición b1a. reimpresión  a118 páginas bilustraciones c21 cm  aCiencia para todos142LEMBaConstitución de la materia 142LEMB aProcesos de manufactura 142LEMB aTecnología y civilización  2ddccBK aMéxicobFondo de Cultura Económicac2007 atextobtxt2rdacontent asin mediaciónbn2rdamedia avolumenbnc2rdacarrier aCO-BoRNBPbspaerdacCO-BoRNBP c6128d6128